[Event "Rio de Janeiro Salamon Memorial"]
[Site "Rio de Janeiro"]
[Date "2016.06.25"]
[Round "3"]
[White "Flach, Kauan Andrei"]
[Black "Sampaio, Ronaldo Rabelo"]
[Result "1-0"]
[WhiteElo "1778"]
[BlackElo "2009"]
[PlyCount "81"]
[EventDate "2016.06.24"]
[EventType "swiss"]
[EventRounds "6"]
[EventCountry "BRA"]
[SourceTitle "CBM 173 Extra"]
[Source "ChessBase"]
[SourceDate "2016.08.29"]
[SourceVersion "1"]
[SourceVersionDate "2016.08.29"]
[SourceQuality "1"]

1. e4 Nf6 2. e5 Nd5 3. c4 Nb6 4. d4 d6 5. f4 dxe5 6. fxe5 Nc6 7. Be3 Bf5 8. a3 a5 9. Nf3 Bg4 10. Nbd2 e6 11. Be2 Be7 12. 0-0 0-0 13. Qe1 Bf5 14. h3 a4 15. g4 Bg6 16. Qg3 h6 17. h4 f6 18. Rf2 fxe5 19. dxe5 Nd7 20. Raf1 Bc5 21. Bxc5 Nxc5 22. h5 Ne4 23. Nxe4 Bxe4 24. g5 Kh8 25. gxh6 gxh6 26. Nh4 Rxf2 27. Rxf2 Qg5 28. Qxg5 hxg5 29. Nf3 Rf8 30. Kf1 g4 31. Nd2 Rxf2+ 32. Kxf2 Bf5 33. Kg3 Nxe5 34. Kf4 Nd3+ 35. Bxd3 Bxd3 36. Kxg4 c5 37. Kf4 Kg7 38. Ke5 Kf7 39. Ne4 b5 40. cxb5 Bxb5 41. Nd6+ 1-0

[Event "Rio de Janeiro Borensztajn op 3rd"]
[Site "Rio de Janeiro"]
[Date "2015.06.27"]
[Round "4"]
[White "Passos Coutinho, Eduardo"]
[Black "Sampaio, Ronaldo Rabelo"]
[Result "1-0"]
[WhiteElo "1764"]
[BlackElo "2071"]
[PlyCount "129"]
[EventDate "2015.06.25"]
[EventType "swiss"]
[EventRounds "7"]
[EventCountry "BRA"]
[SourceTitle "CBM 167 Extra"]
[Source "ChessBase"]
[SourceDate "2015.09.14"]
[SourceVersion "1"]
[SourceVersionDate "2015.09.14"]
[SourceQuality "1"]

1. c4 Nf6 2. Nc3 g6 3. g3 Bg7 4. Bg2 0-0 5. e4 d6 6. Nge2 e5 7. 0-0 a5 8. d3 Nbd7 9. h3 c6 10. Be3 Ne8 11. Qd2 f5 12. exf5 gxf5 13. Bh6 Qf6 14. Bxg7 Qxg7 15. f4 Nc5 16. fxe5 dxe5 17. d4 exd4 18. Qxd4 Ne6 19. Qxg7+ N8xg7 20. Rad1 f4 21. Nxf4 Nxf4 22. Rxf4 Rxf4 23. gxf4 Be6 24. b3 Rf8 25. Ne2 Nh5 26. Rd4 Bf5 27. Bf3 Nf6 28. Kg2 Re8 29. Rd6 Ne4 30. Bxe4 Bxe4+ 31. Kf2 Bf5 32. h4 Bg4 33. Ng3 h5 34. Rd4 Kf8 35. c5 a4 36. Rxa4 Rd8 37. Ke3 Bd1 38. Rd4 Re8+ 39. Kf2 Bg4 40. a4 Rb8 41. Rd6 b6 42. Rxc6 bxc5 43. Rxc5 Rxb3 44. Nxh5 Rf3+ 45. Kg2 Bxh5 46. Rxh5 Rxf4 47. a5 Ra4 48. Rf5+ Kg7 49. h5 Kh6 50. Kg3 Ra3+ 51. Kf4 Ra4+ 52. Ke3 Ra1 53. Kd4 Ra4+ 54. Kc3 Ra1 55. Kb4 Rb1+ 56. Ka4 Ra1+ 57. Kb5 Rb1+ 58. Ka6 Rb8 59. Ka7 Re8 60. a6 Re7+ 61. Kb6 Re6+ 62. Ka5 Re7 63. Rb5 Rf7 64. Rc5 Re7 65. Kb6 1-0

[Event "Rio de Janeiro Estadual-ch"]
[Site "Rio de Janeiro"]
[Date "2014.05.01"]
[Round "1"]
[White "Santos Filho, Tadeu Souza"]
[Black "Sampaio, Ronaldo Rabelo"]
[Result "0-1"]
[WhiteElo "2087"]
[BlackElo "1824"]
[PlyCount "110"]
[EventDate "2014.05.01"]
[EventType "swiss"]
[EventRounds "6"]
[EventCountry "BRA"]
[SourceTitle "CBM 160 Extra"]
[Source "ChessBase"]
[SourceDate "2014.07.01"]
[SourceVersion "1"]
[SourceVersionDate "2014.07.01"]
[SourceQuality "1"]

1. e4 c5 2. Nc3 Nc6 3. Bb5 Nd4 4. Bc4 g6 5. Nf3 Bg7 6. Nxd4 Bxd4 7. Qf3 e6 8. Nb5 Be5 9. d4 cxd4 10. Qa3 Qh4 11. Bd3 Qe7 12. Qa4 a5 13. f4 Bb8 14. Qxd4 e5 15. Qc3 Qb4 16. Bd2 Qxc3 17. Bxc3 d6 18. 0-0-0 f6 19. Bc4 Ke7 20. Rd2 Nh6 21. Rhd1 Bg4 22. Rf1 Be6 23. Bd5 Bxd5 24. Rxd5 Ng4 25. Rh1 exf4 26. h4 Ne3 27. Rd2 Rf8 28. Bd4 f5 29. Bxe3 fxe3 30. Re2 f4 31. Nc3 Ba7 32. Nd5+ Kd7 33. Rf1 Rae8 34. Rxf4 Rxf4 35. Nxf4 Rxe4 36. g3 Kc6 37. c3 d5 38. Kc2 Bb8 39. Kd3 Bxf4 40. gxf4 Rxf4 41. Rh2 Re4 42. Ke2 Kd6 43. Rh3 b5 44. b3 b4 45. c4 dxc4 46. bxc4 Rxc4 47. Kd3 Rc3+ 48. Kd4 e2 49. Rh1 Ra3 50. Re1 Rxa2 51. Kd3 b3 52. h5 gxh5 53. Kc3 a4 54. Kb4 b2 55. Kc3 Ra1 0-1

[Event "Rio de Janeiro-ch"]
[Site "Rio de Janeiro"]
[Date "2014.01.19"]
[Round "3"]
[White "Petrenko, Willy"]
[Black "Sampaio, Ronaldo Rabelo"]
[Result "1/2-1/2"]
[WhiteElo "2084"]
[BlackElo "1800"]
[PlyCount "134"]
[EventDate "2014.01.18"]
[EventType "swiss"]
[EventRounds "6"]
[EventCountry "BRA"]
[SourceTitle "CBM 158 Extra"]
[Source "ChessBase"]
[SourceDate "2014.02.28"]
[SourceVersion "1"]
[SourceVersionDate "2014.02.28"]
[SourceQuality "1"]

1. e4 Nf6 2. Nc3 e5 3. Nf3 Nc6 4. Bb5 d6 5. h3 Bd7 6. a3 Nd4 7. Bxd7+ Qxd7 8. d3 Be7 9. Be3 c5 10. 0-0 0-0 11. Bxd4 cxd4 12. Ne2 Rac8 13. c3 dxc3 14. Nxc3 Rc6 15. d4 Qc7 16. Qd3 a6 17. Rac1 Rc8 18. Rcd1 b5 19. Nh2 Nh5 20. g3 Nf6 21. Kg2 Rc4 22. Nf3 Rb8 23. dxe5 dxe5 24. Nd5 Nxd5 25. Qxd5 Bf6 26. Qd3 Rd8 27. Qe3 Rd6 28. Rc1 Rdc6 29. Rxc4 Rxc4 30. Rd1 Rc2 31. Rd2 Rc1 32. Qd3 h6 33. b3 Rc3 34. Qd5 Kh7 35. h4 Qe7 36. Ra2 Rc5 37. Qd2 Qb7 38. Qd3 Qc6 39. Rd2 Rc3 40. Qd5 Qc7 41. a4 bxa4 42. bxa4 Ra3 43. Ra2 Rxa2 44. Qxa2 Kg8 45. Qd5 a5 46. Nd2 Qd8 47. Nc4 Qxd5 48. exd5 Bd8 49. Nxe5 f6 50. Nc4 Kf7 51. Kf3 g5 52. hxg5 fxg5 53. Ke4 h5 54. Kf5 h4 55. gxh4 gxh4 56. Kg4 Kg6 57. Ne5+ Kf6 58. Nc6 Bc7 59. Kxh4 Kf5 60. Nd4+ Ke5 61. Ne6 Bb6 62. f4+ Kxd5 63. f5 Be3 64. Kh5 Bd2 65. Kg6 Bc3 66. Nd8 Kc4 67. Kf7 Kb3 1/2-1/2

[Event "Rio de Janeiro-ch"]
[Site "Rio de Janeiro"]
[Date "2014.01.18"]
[Round "2"]
[White "Reboredo, Maximiano Goncalves"]
[Black "Sampaio, Ronaldo Rabelo"]
[Result "1-0"]
[WhiteElo "2140"]
[BlackElo "1800"]
[PlyCount "61"]
[EventDate "2014.01.18"]
[EventType "swiss"]
[EventRounds "6"]
[EventCountry "BRA"]
[SourceTitle "CBM 158 Extra"]
[Source "ChessBase"]
[SourceDate "2014.02.28"]
[SourceVersion "1"]
[SourceVersionDate "2014.02.28"]
[SourceQuality "1"]

1. e4 Nf6 2. e5 Nd5 3. c4 Nb6 4. d4 d6 5. f4 dxe5 6. fxe5 Nc6 7. Be3 Bf5 8. a3 a5 9. Nc3 e6 10. Nf3 Be7 11. Be2 0-0 12. 0-0 Bg6 13. d5 exd5 14. cxd5 Nb8 15. Bxb6 cxb6 16. d6 Bg5 17. Bc4 Be3+ 18. Kh1 Nc6 19. Qe2 Bc5 20. Nd5 Rc8 21. Bb5 Kh8 22. Bxc6 bxc6 23. Ne7 Ra8 24. Rad1 Qd7 25. Nh4 Rae8 26. Nhxg6+ hxg6 27. e6 Qxe6 28. Qxe6 fxe6 29. Rxf8+ Rxf8 30. Nxg6+ Kg8 31. Nxf8 1-0

[Event "Rio de Janeiro-ch"]
[Site "Rio de Janeiro"]
[Date "2014.01.18"]
[Round "1"]
[White "Sampaio, Ronaldo Rabelo"]
[Black "De Oliveira Junior, Nilton Rosa"]
[Result "0-1"]
[WhiteElo "1800"]
[BlackElo "2092"]
[PlyCount "118"]
[EventDate "2014.01.18"]
[EventType "swiss"]
[EventRounds "6"]
[EventCountry "BRA"]
[SourceTitle "CBM 158 Extra"]
[Source "ChessBase"]
[SourceDate "2014.02.28"]
[SourceVersion "1"]
[SourceVersionDate "2014.02.28"]
[SourceQuality "1"]

1. d4 Nf6 2. c4 e6 3. Nf3 c5 4. d5 exd5 5. cxd5 d6 6. Nc3 Bg4 7. e4 Be7 8. Be2 0-0 9. 0-0 Re8 10. Qb3 b6 11. h3 Bh5 12. Bf4 Bf8 13. Qc2 a6 14. a4 Nbd7 15. Rfe1 h6 16. Rad1 Bg6 17. Bd3 Nh7 18. Qd2 f6 19. Nh4 Bf7 20. Nf5 Ne5 21. Bxe5 fxe5 22. Re3 Kh8 23. Rg3 g5 24. Qe2 Qc8 25. h4 Ra7 26. Kh2 Bg6 27. Ne3 Ree7 28. Nc4 Reb7 29. Rf3 Kg7 30. Nd2 Rb8 31. hxg5 hxg5 32. Rg3 Be7 33. Qe3 Qd7 34. Be2 b5 35. Bg4 Qe8 36. b3 Rab7 37. axb5 axb5 38. Ra1 Ra8 39. Rxa8 Qxa8 40. Be6 Qa1 41. Qe2 Be8 42. Nd1 Ra7 43. Ne3 Bf8 44. Nf5+ Kh8 45. Nf3 Qc1 46. Qe3 Qxe3 47. Nxe3 Rg7 48. Nf5 Rg6 49. Rh3 g4 50. Rxh7+ Kxh7 51. N3h4 Rg5 52. Ne3 c4 53. bxc4 b4 54. Nxg4 b3 55. Nf6+ Kh6 56. Nf3 b2 57. Nd2 Ba4 58. Ng4+ Kg7 59. Ne3 Bb3 0-1